| 000 | 01108nam a22002657a 4500 | ||
|---|---|---|---|
| 005 | 20170123164143.0 | ||
| 010 | _aB-124031 | ||
| 020 |
_a8171163912 _c180.00 |
||
| 035 | _aB-124031 | ||
| 037 | _bCen Lib / Ret | ||
| 040 |
_aDPL _bPN |
||
| 082 |
_aਓ _bਵਿਏਜ਼ |
||
| 100 |
_aਵਿਏਜ਼ਲ, ਔਲੀ _9128897 |
||
| 245 |
_aਵਿਸਰੇ ਹੋਏ / _cਔਲੀ ਵਿਏਜ਼ਲ ; ਪੰਜਾਬੀ ਅਨੁਵਾਦਕ ਕੇ. ਅਲ. ਗਰਗ |
||
| 246 |
_aBaat ik birkh dee / _bby S. Suze : : Punjabi translation by K. L. Garg |
||
| 260 |
_aਦਿੱਲੀ _bਨੈਸ਼ਨਲ਼ ਬੂਕ ਸ਼ਾਪ _c2005 |
||
| 270 |
_aਪ੍ਲੇਆਸੁਰ ਗਾਰਡਨ ਮਾਰਕਿਟ, ਚਾਂਦਨੀ ਚੋਕ _bਦਿੱਲੀ _e110006 |
||
| 300 |
_a264p. _c21cm(Hb) |
||
| 650 |
_aਸਾਹਿਤ -- ਪੰਜਾਬੀ _9128898 |
||
| 650 |
_aਪੰਜਾਬੀ -- ਨਾਵਲ _9128899 |
||
| 650 |
_aLiterature -- Punjabi _9128900 |
||
| 650 |
_aPunjabi -- Novel _96285 |
||
| 700 |
_aਕੇ. ਅਲ. ਗਰਗ _971179 |
||
| 942 |
_2ddc _cPN _hਉ _mਵਿਏਜ਼ |
||
| 999 |
_c109832 _d109832 |
||